Statistics for Norway A-Z

Click here to take the quiz!

General Stats

  • This quiz has been taken 73 times
  • The average score is 14 of 26

Answer Stats

HintAnswer% Correct
b) The second most populated cityBergen
90%
o) the name of the norwegian capitalOslo
88%
d) the nation Norway was in a union with after the Kalmar unionDenmark
84%
r) the neighboring country next to Norway who is the most populatedRussia
81%
w) the three colors on the norwegian flag is red, blue and ____white
79%
f) a natural feature is Norway known forfjord
78%
h) the monarch of NorwayHarald V
71%
v) the name of the norse seafarersVikings
68%
t) ''thank you'' in norwegiantakk
66%
g) the island which the norseman Gunnbjörn Ulfsson was the first european to discoverGreenland
65%
q) who is Sonja Haraldsen?Queen of Norway
63%
i) The norwegian Henrik ____ is often referred to as ''the father of realism''Ibsen
60%
s) the name of the largest norwegian islandSpitsbergen
59%
a) A popular norwegian artist know for songs like ''Faded'' and ''Alone''Alan Walker
57%
e) The Norwegian prime ministerErna Solberg
54%
j) the national anthem of NorwayJa, vi elsker dette landet
53%
y) a famous norwegian comedy duo known for songs like ''what doest the fox say'' and ''a capella''Ylvis
44%
u) the island where one of norways biggest massacres was setUtøya
38%
m) the Norwegian who is the most successful Winer Olympian of all timeMarit Bjørgen
35%
n) the historical name of the city Trondheim and also the name of the cathedral wich lies inside the cityNidaros
35%
p) the storting is the norwegian ______parliament
34%
c) One of the most popular sportscross-country skiing
28%
z) the norwegian director of the ''Karate Kid''Harald Zwart
18%
k) the royal anthem of NorwayKongesangen
12%
l) the warship in the Viking Age that Norway known forLongboats
1%
x) a norwegian videogameXtreme Sports
1%

Score Distribution

Percentile by Number Answered

Percent of People with Each Score

Your Score History

You have not taken this quiz